000 00269nam a2200109Ia 4500
008 201217s9999 xx 000 0 und d
100 _aHayes, John P.
245 0 _aComputer Architecture and Organization
260 _aAuckland
_bMcGraw-Hill
300 _a498
942 _cBK
999 _c7703
_d7703